01778nam a22002537a 4500001000500000005001700005020001800022040002900040082001100069100001800080245015900098250010400257260003500361300004900396490003900445505000800484520056300492520022201055521002901277521002001306650012901326650003801455700003101493131620251209081931.0 a9789995054960 aFISKHbengcFISKHdFISKH a510.71 aArnaron, Kim  aកំពូលវិសាល / cនិពន្ធដោយ គីម​ អានអារុណ - គូរូបដោយ សេង វិសាល  aបោះពុម្ពលើកទី ៧ ខែ កញ្ញា ឆ្នាំ​ ២០២១  aPhnom Penh : bSipar, c2021.  a40 pages : bcolor illustrations ; c24 cm  aខ្ញុំចង់អាន  aP  aវិសាល កំពូលដៃភ្លើងជើងមាន់ សម្បូរគំនិតប្លែកៗ។ តែគេក៏ត្រូវយាយស្ដីឳ្យគ្មានលោះថ្ងៃដែរ ព្រោះបំណងល្អរបស់គេតែងធ្វើឳ្យយាយឈឺក្បាលជានិច្ច។ ដើម្បីឳ្យយាយស្រលាញ់វិសាលបានបត់សត្វក្រៀលធ្វើជាកាំជ្រួចអោយយាយ។  aVisal is the all thumb child who full of strange ideas. His grandmother always blame him, because his good intentions always give her a headache. To get a love from her, Visal turned the crane paper into a fireworks. a650 bLexile estimate  aP bRaz-Plus  aស្ដីបន្ទោស vដៃភ្លើងជើងមាន់ xសត្វក្រៀល yអំណោយ  aBlame vall thumb xCrane yGift  aVisal, Seng cillustrator